000 00499nam a22001695i 4500
001 54106
003 ES-MaACL
005 20230906162910.0
007 t|
008 960715s1875 fr ||||1| fre d
040 _aCAM
_bspa
_cCAM
100 1 _aFervacques.
_950617
245 1 0 _aMadame Lebailly
_b: scènes de la vie de province /
_cpar Fervacques.
260 _aParis :
_bE. Dentu, éditeur,
_c1875 (
_fImprimerie de E. Martinet)
300 _a[6], 360 p. ;
_c18 cm.
852 _aES-MaACL
_jD-2130
999 _c54106
_d54106